[Event "Olympiad"]
[Site "masterchessopen.com Turin (Italy)"]
[Date "2006.05.28"]
[Round "7"]
[White "Gurevich Mikhail (TUR)"]
[Black "Rozentalis Eduardas (LTU)"]
[Result "1-0"]
[WhiteElo "2648"]
[BlackElo "2591"]

{ Gurevich Mikhail (TUR) +3 =0 -1 Rozentalis Eduardas (LTU) +0 =2 -0 } 1.d4
Nf6 2.c4 e6 3.Nc3 Bb4 4.e3 b6 5.Ne2 O-O 6.a3 Bxc3+ 7.Nxc3 d5 8.Be2 ( 8.cxd5
exd5 9.Bd3 c5 10.dxc5 bxc5 11.O-O Nc6 12.b4 cxb4 13.axb4 Nxb4 14.Ba3 Rb8
15.Bb5 a5 16.Qa4 d4 17.exd4 Nfd5 18.Nxd5 Qxd5 19.Be2 Bd7 20.Qd1 Rfc8 21.Bf3
Qc4 22.Rc1 Qa2 23.Ra1 Qc2 24.Re1 Qxd1 25.Rexd1 Nc2 26.Ra2 Nxa3 27.Rxa3 a4 {
...1/2-1/2, Krush Irina 2411 - Rozentalis Eduardas 2601 , Montreal 2001 It
(cat.9) } ) ( 8.Bd3 Ba6 9.b3 c5 10.dxc5 dxc4 11.bxc4 bxc5 12.O-O Nc6 13.Nb5
Ne5 14.Be2 Qb8 15.Bb2 Rd8 16.Qc2 Neg4 17.g3 Bb7 18.Rad1 Rxd1 19.Qxd1 h5 20.Qd6
Ne4 21.Qxb8+ Rxb8 22.h3 Ngxf2 23.Rxf2 Nxf2 24.Kxf2 a6 25.Be5 Rd8 26.Nc3 Bc6
27.Ke1 Rd7 { ...1/2-1/2, Shirov Alexei 2685 - Sutovsky Emil 2565 , Tilburg
1996 It (cat.16) } ) ( 8.b4 Bb7 9.cxd5 Nxd5 10.Nxd5 Qxd5 11.f3 Qg5 12.Qc2 Rc8
13.e4 Qe7 14.Be3 Nd7 15.Be2 c5 16.dxc5 bxc5 17.b5 a6 18.O-O axb5 19.Bxb5 Ba6
20.a4 h6 21.Qc3 Bxb5 22.axb5 Qd6 23.Rfd1 Rxa1 24.Qxa1 Qc7 25.Qc3 Qb7 {
1/2-1/2, Donner Jan-Hein 2430 - Spassky Boris V 2548 , Santa Monica 1966 It }
) 8...Bb7 { ?/= } ( 8...Ba6 9.b3 Nc6 10.O-O dxc4 11.Rb1 Qd7 12.Qd2 Rfd8 13.Rd1
Rac8 14.b4 Bb7 15.Bxc4 e5 16.d5 Ne7 17.e4 Ne8 18.b5 Nd6 19.Bd3 f5 20.f3 Rf8
21.a4 Rf7 22.Ba3 f4 23.Rbc1 { 1/2-1/2, Ivkov Borislav 2428 - Andersson Ulf
2562 , Stockholm 1970 It } ) 9.O-O Nbd7 10.b4 dxc4 ( 10...c5 11.Bb2 cxd4
12.Qxd4 e5 13.Qd1 dxc4 14.Bxc4 Rc8 15.Qb3 Qc7 16.Be2 a6 17.Rac1 Qb8 18.f3 Rfe8
19.e4 Nf8 20.Na4 N6d7 21.Qe3 Bc6 22.Nc3 b5 23.Nb1 Nb6 24.Nd2 Na4 25.Ba1 Bd7
26.Nb3 Be6 27.Nc5 Nxc5 28.bxc5 Rc6 29.g3 Nd7 30.f4 { ...1/2-1/2, Kakageldyev
Amanmurad 2483 - Dzhumamuradov M 2200 , Ashkhabad 1982 Ch Turkmenistan } ) (
10...e5 11.dxe5 Nxe5 12.cxd5 Nxd5 13.Nxd5 Bxd5 14.Bb2 Nc4 15.Bxc4 { 1-0,
Cherepkov Alexander V 2395 - Anastasian Ashot 2602 , Leningrad 1990 It } )
11.Bxc4 c5 12.Bb2 { +0.33 CAP } ( 12.bxc5 bxc5 13.Rb1 Qc8 14.Bb2 Rd8 15.Be2
Nb6 16.Qb3 cxd4 17.Nb5 Bd5 18.Qb4 Qb7 19.Rfc1 Bxg2 20.Bxd4 Bf3 21.Rc7 Qe4
22.Bxf6 Qg6+ 23.Kf1 Nd5 24.Bxf3 Nxb4 25.Rxb4 Qxf6 26.Bxa8 Rxa8 27.Rxa7 Rxa7
28.Nxa7 h5 29.Nb5 Qf3 30.h4 e5 31.Nc3 f5 { ...0-1, Garcia Toledo Pedro 2294 -
Cruz Filemon 2360 , Peru 2000 Ch Peru } ) 12...a6 { N } ( 12...Qc7 13.Be2 Rfd8
14.Rc1 Rac8 15.f3 Qb8 16.dxc5 bxc5 17.Qb3 cxb4 18.axb4 h5 19.Na4 Bc6 20.b5 a6
21.Qd1 Kf8 { 1/2-1/2, Korobov Anton 2572 - Rozentalis Eduardas 2595 , Cappelle
la Grande 29. 2.2004 It (open) } ) ( 12...cxb4 13.axb4 a6 14.b5 Qc7 15.bxa6
Bxg2 16.Kxg2 Qxc4 17.Qa4 Qd3 18.Qb5 Qg6+ 19.Kh1 Rfc8 20.f3 e5 21.Rac1 exd4
22.exd4 Nf8 23.Rg1 Qh6 24.Qf5 Re8 25.d5 Ng6 26.Ne4 Nxe4 27.fxe4 Qd2 28.Bxg7
Kxg7 29.Rc7 Rf8 30.a7 Qd4 31.h4 Rae8 32.Rg4 { ...1-0, Bu Xiangzhi 2570 -
Nogueira Nelson 2204 , Lisbon 2000 It (open) } ) ( 12...cxd4 13.Qxd4 Rc8 (
13...Qe7 14.Rad1 Rfd8 15.Qh4 Rac8 16.Bd3 Nf8 17.Nb5 Ba6 18.Nd4 Bxd3 19.Rxd3
Ng6 20.Qg3 Qc7 21.f4 Rd5 22.Rc3 Qd7 23.Rxc8+ Qxc8 24.Rc1 Qd8 25.h3 Ne4 26.Qf3
Nd2 27.Qe2 Ne4 28.Qa6 Qh4 29.Qe2 h6 30.Rc8+ Kh7 31.Rc7 Kg8 32.Rxa7 { ...1-0,
Maksimovic Suzana 2286 - Urosevic Marija 2049 , Herceg Novi 2001 Ch Yugoslavia
(w) } ) 14.Be2 Qe7 15.Rac1 a6 16.f3 e5 17.Qh4 Qe6 18.Bd3 b5 19.e4 Nb6 20.Rfd1
Nc4 21.Bxc4 Rxc4 22.Ne2 Rxc1 23.Bxc1 Qb6+ 24.Qf2 Qxf2+ 25.Kxf2 Rc8 26.Bb2 Re8
27.Rc1 Nd7 28.Rc7 Bc8 29.Rc6 Nb8 30.Rd6 f6 31.Ng3 Kf7 32.Bc1 { ...1-0, Bareev
Evgeny 2650 - Timman Jan H 2590 , Wijk aan Zee 1995 It "Hoogovens" (matches) }
) ( 12...Qe7 13.Qe2 cxd4 14.exd4 Qd6 15.Rfd1 Rac8 16.Bb3 Rfd8 17.Rac1 Nf8
18.Qe5 a6 19.Qxd6 Rxd6 20.f3 Ng6 21.Ne4 Nxe4 22.Rxc8+ Bxc8 23.fxe4 Bb7 24.Bc2
Kf8 25.Kf2 Ne7 26.Ke3 Rd8 27.g3 Nc8 28.Bd3 Nd6 29.Rc1 Rc8 30.Rxc8+ Nxc8 31.a4
Nd6 32.b5 { ...1-0, Neyman Igor 2258 - Winterfeld Dirk 2180 , Germany 1999
Oberliga East A 1999/00 } ) 13.dxc5 bxc5 14.Be2 Nd5 15.Nxd5 Bxd5 16.Qd2 Qg5
17.f3 Rfd8 18.Rfd1 f5 { ?! } ( 18...cxb4 { !? } 19.axb4 Nb6 20.Ra5 f5 21.Qc1
Bb7 22.Rxd8+ Rxd8 23.Qc5 Nd5 24.Ra3 { } ) 19.Rac1 cxb4 20.axb4 Nf6 21.Qc3 Ra7
22.Qa3 Rad7 23.Be5 Bb7 24.Bf4 Qg6 { ?! } ( 24...Rxd1+ { !? } 25.Rxd1 Rxd1+
26.Bxd1 Qh4 27.Bg3 Qg5 28.Qb3 Kf7 29.f4 Qg6 30.Qa4 Kf8 31.Bb3 Qf7 32.Qa5 Bd5
33.Qc5+ Qe7 34.Ba4 { } ) 25.Qa5 Nd5 26.b5 e5 27.bxa6 Bxa6 28.Bxa6 exf4 29.Rc8
Qe8 30.Rxd8 Rxd8 31.Bc4 { } {#r} 1-0

[Event "It (open)"]
[Site "masterchessopen.com Voesendorf (Austria)"]
[Date "2006.06.15"]
[Round "2"]
[White "Kleiser Gregor (AUT)"]
[Black "Jobava Baadur (GEO)"]
[Result "0-1"]
[WhiteElo "2276"]
[BlackElo "2650"]

1.d4 Nf6 2.c4 e6 3.Nc3 Bb4 4.e3 b6 5.Ne2 Bb7 6.a3 Be7 7.Nf4 O-O 8.Be2 d5 9.O-O
c6 10.cxd5 cxd5 11.b4 Nbd7 12.Qb3 Bd6 13.Nd3 Ne4 14.Rd1 Bxh2+ 15.Kxh2 Qc7+
16.Kg1 Nxc3 17.Rd2 Nxe2+ 18.Rxe2 Rfc8 19.Bb2 Ba6 20.Rc1 Bc4 21.Qd1 Qd6 22.Rec2
f6 23.b5 Rd8 24.Rxc4 dxc4 25.Nb4 Ne5 26.Bc3 Rac8 27.Ra1 Nd3 28.Nc2 e5 29.Qg4
Qd7 {#R} 0-1

[Event "It (open)"]
[Site "masterchessopen.com Utrecht (Netherlands)"]
[Date "2006.06.16"]
[Round "1"]
[White "Rosmuller Anton (NED)"]
[Black "Michaud Majnu"]
[Result "1-0"]
[WhiteElo "2126"]
[BlackElo "1865"]

1.d4 Nf6 2.c4 e6 3.Nc3 Bb4 4.e3 b6 5.Ne2 Bb7 6.a3 Be7 7.Nf4 O-O 8.Qc2 d5
9.cxd5 exd5 10.g3 Na6 11.Bg2 c6 12.O-O Nc7 13.b4 a5 14.bxa5 Rxa5 15.Bb2 Ba6
16.Rfc1 Bc4 17.e4 dxe4 18.Nxe4 Bd5 19.Nxd5 Ncxd5 20.Qxc6 Re8 21.Nxf6+ Bxf6
22.Re1 Rxe1+ 23.Rxe1 Ne7 24.Qb7 h6 25.f3 {#r} 1-0

[Event "Cup Rector (cat.9)"]
[Site "masterchessopen.com St.Petersburg (Russia)"]
[Date "2006.06.28"]
[Round "3"]
[White "Yevseev Denis (RUS)"]
[Black "Vitiugov Nikita (RUS)"]
[Result "0-1"]
[WhiteElo "2534"]
[BlackElo "2596"]

{ } 1.d4 Nf6 2.c4 e6 3.Nc3 Bb4 4.e3 b6 5.Ne2 Bb7 6.a3 Be7 7.d5 O-O { ? } 8.g3
( 8.Ng3 d6 9.e4 Nbd7 10.Be2 c6 11.O-O Re8 12.Be3 a6 13.dxe6 fxe6 14.Qc2 c5
15.Rad1 Qc7 16.f4 Bf8 17.Bd3 g6 18.Bc1 Bg7 19.Kh1 Re7 20.Qe2 Rf8 21.Bc2 Nb8
22.Qd3 Ne8 23.Be3 Nc6 24.Nge2 Ref7 25.Kg1 Ne7 26.Ba4 Bc6 27.Bxc6 Qxc6 {
...1-0, Gurevich Mikhail 2643 - Foisor Ovidiu Doru 2472 , Cappelle la Grande
1999 It (open) } ) 8...b5 9.Qb3 ( 9.b3 bxc4 10.bxc4 Na6 11.Bg2 Nc5 12.O-O e5
13.Na4 Rb8 14.Nec3 Nxa4 15.Qxa4 Bc5 16.Rb1 d6 17.Qc2 Qe7 18.Na4 Bb6 19.Bd2 Nd7
20.Kh1 Nc5 21.Nxc5 Bxc5 22.Bb4 Bb6 23.a4 a5 24.Ba3 Ba6 25.Rb2 Bc5 26.Rfb1 Rxb2
27.Qxb2 Bb6 28.Bf1 Bc8 { ...1-0, Mecking Henrique 2554 - Fonrobert Gert
Wolfgang, Sao Paulo 1966 Tournament } ) ( 9.Nf4 bxc4 10.Bxc4 exd5 11.Ncxd5 c6
12.Nxf6+ Bxf6 13.O-O d5 14.Be2 a5 15.Rb1 a4 16.b4 axb3 17.Rxb3 Ba6 18.Qc2 Bxe2
19.Nxe2 Qc8 20.Rd1 Nd7 21.e4 dxe4 22.Re1 Re8 23.Nf4 Bg5 24.Rxe4 Rxe4 25.Qxe4
Nf6 26.Qf3 Qg4 27.Qxg4 Nxg4 28.Rd3 Ne5 { ...1-0, Korchnoi Viktor 2635 - Kengis
Edvins 2560 , Bern 1996 Cup Bern } ) ( 9.Bg2 bxc4 10.O-O exd5 11.Nxd5 c6
12.Nxe7+ Qxe7 13.b3 cxb3 14.Qxb3 Ba6 15.Re1 d5 16.Bb2 Nbd7 17.Nf4 Rfc8 18.Rac1
Rab8 19.Qc3 Nc5 20.Qe5 Qf8 21.Rc2 Nd3 22.Nxd3 Bxd3 23.Rd2 Bc4 24.g4 Qe8 25.g5
Rxb2 26.Qxe8+ Nxe8 27.Rxb2 Nd6 28.Bh3 Rf8 { ...1-0, Taylor Timothy 2321 - Yoos
John C 2381 , Chicago 1990 It (open) "US Masters" } ) 9...Na6 { -0.64 CAP }
10.cxb5 { N } ( 10.Nf4 Nc5 11.Qa2 c6 12.dxe6 dxe6 13.b4 Nce4 14.Nxe4 Nxe4
15.Bg2 Nc3 16.Qc2 bxc4 17.O-O a5 18.bxa5 Bf6 19.Bb2 Nd5 20.Bxf6 Qxf6 21.Rfc1
Ba6 22.Bf1 g5 23.Ng2 Rfb8 24.Rab1 Rxb1 25.Rxb1 Qc3 26.Qxc3 Nxc3 27.Rc1 Ne4
28.Bxc4 Nd2 29.Bxa6 Rxa6 { ...1/2-1/2, Dzindzichashvili Roman 2480 -
Shamkovich Leonid 2520 , Leningrad 1971 Ch URS } ) 10...Nc5 11.Qc2 Nxd5 12.e4
Nxc3 13.Nxc3 f5 14.Bg2 Bf6 15.O-O Bxc3 16.Qxc3 Nxe4 17.Qc2 Bd5 18.b4 Qb8
19.Bb2 Qb7 20.Rad1 Rac8 21.Qe2 Rf7 22.Qd3 Rb8 23.a4 Nf6 24.f3 d6 25.Bc3 f4
26.Rd2 Rbf8 27.g4 Nd7 28.Bd4 Nb6 29.Ra1 Nc4 30.Re2 e5 31.Bf2 e4 32.fxe4 Be6
33.e5 { ?! } ( 33.Rc2 { !? } 33...Ne5 34.Qd4 f3 35.Bh3 Bxg4 36.Bf1 Qc8 37.Qxa7
Bh3 38.Bg3 Qg4 39.Bxh3 Qxh3 { } ) 33...f3 34.exd6 fxg2 { } {#R} 0-1

[Event "It (open)"]
[Site "masterchessopen.com Banska Stiavnica (Slovakia)"]
[Date "2006.07.14"]
[Round "7"]
[White "Priehoda Vitezslav (CZE)"]
[Black "Havlicek Libor (SVK)"]
[Result "1-0"]
[WhiteElo "2387"]
[BlackElo "2172"]

1.d4 Nf6 2.c4 e6 3.Nc3 Bb4 4.e3 b6 5.Ne2 Bb7 6.a3 Be7 7.d5 d6 8.e4 c6 9.Nf4
Qc8 10.dxe6 fxe6 11.g3 Na6 12.Bh3 Nc7 13.O-O O-O 14.Qe2 Ba6 15.b3 Nfe8 16.Bb2
Bf6 17.Rad1 Qd7 18.e5 Bxe5 19.Qxe5 dxe5 20.Rxd7 exf4 21.Ne4 Bc8 22.Rd8 fxg3
23.hxg3 h6 24.Be5 Bb7 25.Rd7 Rf7 26.Rfd1 Bc8 27.Rd8 Kh7 28.Bg4 Kg6 29.Bxc7
{#r} 1-0

[Event "It (open)"]
[Site "masterchessopen.com Pardubice (Czech Republic)"]
[Date "2006.07.25"]
[Round "5"]
[White "Gajewski Grzegorz (POL)"]
[Black "Jakubowski Krzysztof (POL)"]
[Result "1-0"]
[WhiteElo "2515"]
[BlackElo "2497"]

{ } 1.d4 Nf6 2.c4 e6 3.Nc3 Bb4 4.e3 b6 5.Ne2 Bb7 6.a3 Be7 7.d5 { ? } 7...exd5
( 7...O-O 8.Ng3 d6 9.e4 Nbd7 10.Be2 c6 11.O-O Re8 12.Be3 a6 13.dxe6 fxe6
14.Qc2 c5 15.Rad1 Qc7 16.f4 Bf8 17.Bd3 g6 18.Bc1 Bg7 19.Kh1 Re7 20.Qe2 Rf8
21.Bc2 Nb8 22.Qd3 Ne8 23.Be3 Nc6 24.Nge2 Ref7 25.Kg1 Ne7 26.Ba4 Bc6 27.Bxc6 {
...1-0, Gurevich Mikhail 2643 - Foisor Ovidiu Doru 2472 , Cappelle la Grande
1999 It (open) } ) 8.cxd5 O-O 9.g3 c5 ( 9...Re8 10.Bg2 c6 11.O-O Bf8 12.b4 a5
13.b5 cxb5 14.Nxb5 Na6 15.Bb2 Rc8 16.Rb1 Ne4 17.Bd4 Nac5 18.Nec3 Nxc3 19.Nxc3
Ba6 20.Re1 Bd3 21.Rb2 Bc4 22.Bf1 b5 23.Nxb5 Bxd5 24.Na7 Rc7 25.Nb5 Rc8 26.Na7
Rc7 { 1/2-1/2, Jussupow Artur 2636 - Onischuk Alexander 2657 , Germany 1999
Bundesliga 1998/99 } ) ( 9...d6 10.Bg2 Nbd7 11.O-O Re8 12.b4 a6 13.Nd4 Bf8
14.Bb2 Ne5 15.Qe2 g6 16.h3 Bg7 17.f4 Ned7 18.Qf2 b5 19.e4 Nb6 20.Rae1 Nc4
21.Ba1 Qd7 22.Nc6 Bxc6 23.dxc6 Qd8 24.a4 bxa4 25.Qa2 Nb6 26.e5 Nh5 27.g4 Ng3
28.e6 fxe6 29.Rf3 { ...1-0, Roghani Arash 2382 - Lamei Hossein 2152 , Teheran
29. 9.2005 Ch Iran (team) } ) ( 9...a5 10.Bg2 Na6 11.Rb1 Re8 12.O-O Bc5 13.Nd4
Bxd4 14.Qxd4 Nc5 15.b4 axb4 16.axb4 Na4 17.Bb2 Nxb2 18.Rxb2 d6 19.Rc1 Re5
20.Rbc2 h6 21.Nb5 Bxd5 22.Nxc7 Bxg2 23.Nxa8 Bb7 24.Nxb6 Ne8 25.Rc8 Bxc8
26.Rxc8 Qe7 27.Nc4 Re6 28.b5 Qd7 29.Rb8 { ...1-0, Korchnoi Viktor 2608 -
Delgado Rodriguez Luis 1976 , Lugano 1968 Olympiad } ) 10.Bg2 d6 11.O-O {
+0.07 CAP } 11...Re8 { N } ( 11...Na6 12.e4 Rb8 ( 12...Qd7 13.h3 b5 14.g4 Ne8
15.Ng3 c4 16.Nf5 Bd8 17.Be3 Bb6 18.Bxb6 axb6 19.Qd4 Nc5 20.Rad1 Ba6 21.f4 f6
22.e5 fxe5 23.fxe5 dxe5 24.Qxe5 Nf6 25.d6 Bb7 26.Bxb7 Qxb7 27.g5 Nfe4 28.d7
Nxc3 29.Qxg7# { 1-0, Nickl Klaus 2185 - Egartner Wolfgang 2153 , Austria 1994
Staatsliga B South 1993/94 } ) 13.Nb5 Qd7 14.Nxa7 Bxd5 15.exd5 Qxa7 16.Nc3 b5
17.Re1 Rfe8 18.b4 Qd7 19.Bf4 Bf8 20.Rxe8 Nxe8 21.bxc5 Nxc5 22.Rb1 Nc7 23.Bf1
N5a6 24.Qd4 Be7 25.Qa7 Ra8 26.Bxb5 Qf5 27.Qe3 Nxd5 28.Qf3 Nac7 29.Bd3 Qe6
30.Nxd5 Nxd5 31.Bc4 { ...1-0, Reshevsky Samuel H 2430 - Belavenets Sergey V,
Leningrad 1939 It } ) ( 11...a6 12.e4 Ne8 13.f4 Nd7 14.g4 b5 15.Ng3 g6 16.g5
Ng7 17.h4 f6 18.Kh2 a5 19.Nxb5 Ba6 20.a4 Qb6 21.Bd2 Bxb5 22.axb5 Qxb5 23.Bc3
a4 24.Bh3 c4 25.Qg4 Ra7 26.h5 f5 27.exf5 Nxf5 28.Nxf5 gxf5 29.Qe2 Nc5 30.Qe3
Qd7 31.Qd4 { ...1-0, Szabo Laszlo 2460 - Plater Kazimierz, Hilversum 1947 Zt }
) 12.h3 Bf8 13.g4 Na6 14.e4 Nc7 15.Ng3 Nd7 16.g5 Ba6 17.Nce2 Ne5 18.f4 Nd3
19.Rf3 Nxc1 20.Rxc1 Bxe2 21.Qxe2 Nxd5 22.Qd2 Nc7 23.Rd3 d5 24.exd5 Bd6 25.Nh5
Nb5 26.Bf3 Rc8 27.Kh1 Nd4 28.Rg1 Kh8 29.Qg2 Rc7 30.Be4 Bf8 { ?! } ( 30...Be7 {
!? } 31.Qg4 g6 32.Re3 Rd7 33.Ng3 c4 34.Rc1 b5 35.a4 a6 36.Kh2 f5 37.gxf6 Bxf6
{ } ) 31.Nf6 Ree7 { ? } ( 31...Bd6 32.Nxe8 Qxe8 33.Re1 Re7 34.Rg3 Bxf4 35.Rg4
Be5 36.Rh4 g6 37.Qf2 Kg8 38.b4 { } ) 32.Bxh7 Re2 33.Qg4 gxf6 34.Qh4 fxg5
35.Rxg5 Re1+ 36.Kg2 Re2+ 37.Kf1 Re1+ 38.Kxe1 Qe7+ 39.Be4+ { } 1-0

[Event "It (open)"]
[Site "masterchessopen.com Creon (France)"]
[Round "1"]
[White "De Lagontrie Jean (FRA)"]
[Black "Dumitrache Dragos-Nicolae (ROM)"]
[Result "0-1"]
[WhiteElo "1960"]
[BlackElo "2445"]

1.d4 Nf6 2.c4 e6 3.Nc3 Bb4 4.e3 b6 5.Ne2 Bb7 6.a3 Be7 7.d5 O-O 8.Ng3 d6 9.e4
c6 10.Be2 Nbd7 11.O-O Re8 12.Be3 Bf8 13.Qd2 Rc8 14.b4 cxd5 15.cxd5 exd5
16.exd5 Ne5 17.Qd4 g6 18.Rac1 Bg7 19.Qd2 Nc4 20.Bxc4 Rxc4 21.Bg5 a6 22.f3 b5
23.Kh1 Qc7 24.Bxf6 Bxf6 25.Nce4 Bg7 26.Ne2 h6 27.h3 Re5 28.N4c3 Qb6 29.Rc2
Bxd5 30.Nxd5 Rxd5 31.Qxd5 Rxc2 32.Nf4 Be5 33.Nxg6 Qf2 34.Ne7+ Kf8 35.Qa8+ Kxe7
{#R} 0-1

[Event "Ch France (open) (a)"]
[Site "masterchessopen.com Besancon (France)"]
[Date "2006.08.23"]
[Round "8"]
[White "Guilbert Jean-Louis (FRA)"]
[Black "Camus Berenger (FRA)"]
[Result "0-1"]
[WhiteElo "2062"]
[BlackElo "2166"]

1.d4 Nf6 2.c4 e6 3.Nc3 Bb4 4.e3 b6 5.Ne2 Bb7 6.a3 Be7 7.Nf4 d5 8.cxd5 exd5
9.Be2 O-O 10.b4 Bd6 11.O-O Re8 12.Nd3 Ne4 13.Nb5 Bf8 14.f3 Nd6 15.Nf2 Nd7
16.e4 dxe4 17.Nxd6 Bxd6 18.fxe4 Qh4 19.e5 Nxe5 20.Nh3 Rad8 21.Bg5 Qe4 22.Rf2
Be7 23.Bf3 Nxf3+ 24.gxf3 Qf5 25.Bxe7 Rxe7 26.Kg2 Qg4+ {#R} 0-1

[Event "Ch Chess Club"]
[Site "masterchessopen.com Tula (Russia)"]
[Date "2006.10.03"]
[Round "9"]
[White "Zolotov Bogdan (RUS)"]
[Black "Karvatsky Alexey (RUS)"]
[Result "1-0"]
[WhiteElo "2218"]
[BlackElo "1768"]

1.d4 Nf6 2.c4 e6 3.Nc3 Bb4 4.e3 b6 5.Ne2 O-O 6.a3 Bxc3+ 7.Nxc3 d5 8.b4 Nbd7
9.Bb2 Bb7 10.Be2 Re8 11.O-O e5 12.cxd5 Nxd5 13.Nxd5 Bxd5 14.dxe5 Nxe5 15.Qd4
Bb7 16.Qc3 Qg5 17.f3 Re6 18.e4 Qg6 19.Qxc7 Nxf3+ 20.Bxf3 Bxe4 21.Bxe4 Rxe4
22.Rad1 Rae8 23.Rd8 h5 24.Rxe8+ Rxe8 25.Qg3 Qxg3 26.hxg3 Re2 27.Bc1 {#r} 1-0

[Event "It (open)"]
[Site "masterchessopen.com Fouesnant (France)"]
[Date "2006.10.29"]
[Round "3"]
[White "Picart Laurent (FRA)"]
[Black "Le Goff Damien (FRA)"]
[Result "0-1"]
[WhiteElo "2094"]
[BlackElo "2227"]

1.d4 Nf6 2.c4 e6 3.Nc3 Bb4 4.e3 b6 5.Ne2 Ne4 6.Qc2 Bb7 7.Bd2 Nxd2 8.Qxd2 O-O
9.a3 Bxc3 10.Nxc3 d6 11.d5 e5 12.Be2 a5 13.f3 Nd7 14.O-O f5 15.f4 Nc5 16.Qc2
Qe7 17.b4 Na6 18.Rab1 axb4 19.axb4 Rae8 20.Rf3 c5 21.bxc5 Nxc5 22.Rxb6 exf4
23.exf4 Qf6 24.Nb5 Ba6 25.Nxd6 Qd4+ 26.Kf1 Ne4 27.Rxa6 Nd2+ 28.Ke1 Nxf3+
29.gxf3 Rb8 30.Nxf5 Qg1+ 31.Kd2 Qxh2 32.Qe4 Rb2+ 33.Kd3 Qg1 34.Nd4 Qc1 35.d6
{#R} 0-1

[Event "Memorial M.Chigorin (open) ( b)"]
[Site "masterchessopen.com St. Petersburg (Russia)"]
[Date "2006.10.30"]
[Round "9"]
[White "Pileckis Emilis (LTU)"]
[Black "Nikitin Aleksey (RUS)"]
[Result "1-0"]
[WhiteElo "2233"]
[BlackElo "2221"]

1.d4 Nf6 2.c4 e6 3.Nc3 Bb4 4.e3 b6 5.Ne2 Bb7 6.a3 Bxc3+ 7.Nxc3 O-O 8.Bd3 d6
9.O-O Nbd7 10.e4 e5 11.d5 Re8 12.b4 Nf8 13.Be3 Ng6 14.c5 Bc8 15.f3 Nh5 16.g3
Bh3 17.Rf2 Qf6 18.Bb5 Re7 19.Qd2 h6 20.Rc1 Kh7 21.Kh1 Rg8 22.Rg1 Bc8 23.Bd3
Nhf4 24.gxf4 exf4 25.Rxg6 fxe3 26.Rxf6 exd2 27.cxd6 Rd7 28.Rf4 cxd6 29.Rxd2 g5
30.e5+ Kg7 31.Rc4 dxe5 32.Bf5 {#r} 1-0

[Event "Ch England (team) 2006/07 (2 div)"]
[Site "masterchessopen.com England"]
[Date "2006.11.11"]
[Round "3"]
[White "Rees Ioan (WLS)"]
[Black "Lindner Daniel (GER)"]
[Result "1-0"]
[WhiteElo "2227"]
[BlackElo "2271"]

1.d4 Nf6 2.c4 e6 3.Nc3 Bb4 4.e3 b6 5.Ne2 O-O 6.a3 Be7 7.e4 d6 8.Ng3 Ne8 9.Be2
f5 10.exf5 exf5 11.Bf3 c6 12.b4 Nc7 13.O-O Bb7 14.Re1 f4 15.Nge2 Bg5 16.b5 Kh8
17.a4 d5 18.Ba3 Rg8 19.Qc2 dxc4 20.Ne4 Ne8 21.Nxg5 Qxg5 22.Qxc4 cxb5 23.Qxg8+
Kxg8 24.Bxb7 b4 25.Bxb4 a5 26.Bxa8 axb4 27.Nxf4 Nf6 28.g3 b3 29.Re5 Qg4
30.Rae1 b2 31.Rb5 Nbd7 32.Rxb2 Qf5 33.Bg2 Qa5 34.Rbe2 Qxa4 35.Re8+ Nxe8
36.Bd5+ Kf8 37.Ne6+ {#r} 1-0

[Event "Ch France (team) (nat.2) 2006/07"]
[Site "masterchessopen.com France"]
[Date "2006.11.26"]
[Round "3"]
[White "Cossin Sebastien (FRA)"]
[Black "Jaiboulatov Danial"]
[Result "1-0"]
[WhiteElo "2401"]
[BlackElo "2427"]

1.d4 e6 2.c4 Nf6 3.Nc3 Bb4 4.e3 b6 5.Ne2 Ne4 6.Qc2 Bb7 7.a3 Bxc3+ 8.Nxc3 Nxc3
9.Qxc3 O-O 10.b3 d6 11.Bb2 Qf6 12.Qc2 Qh6 13.O-O-O Nd7 14.h4 f5 15.d5 a5
16.Kb1 Nc5 17.g3 b5 18.cxb5 Bxd5 19.Rxd5 exd5 20.Bg2 Ne4 21.Qxc7 a4 22.Qb7 Qg6
23.Rc1 Rab8 24.Qxd5+ Qf7 25.Qxf7+ Rxf7 26.Bxe4 fxe4 27.bxa4 Ra7 28.Rc4 d5
29.Rb4 Kf7 30.Bd4 Rab7 31.b6 Ke6 32.a5 Ra8 33.Rb5 g6 34.Kb2 Kd6 35.Kb3 h5
36.Kb4 {#r} 1-0

[Event "Ch France (team) (nat.2) 2006/07"]
[Site "masterchessopen.com France"]
[Date "2006.11.26"]
[Round "3"]
[White "Haik Aldo (FRA)"]
[Black "Deschin Pierre-Antoine (FRA)"]
[Result "1-0"]
[WhiteElo "2371"]
[BlackElo "2093"]

1.d4 Nf6 2.c4 e6 3.Nc3 Bb4 4.e3 b6 5.Ne2 Bb7 6.a3 Be7 7.d5 O-O 8.Ng3 Bd6 9.Be2
a5 10.e4 exd5 11.cxd5 Bxg3 12.hxg3 Re8 13.Rh4 Na6 14.Bg5 Qe7 15.Bxa6 Rxa6
16.Nb5 Qe5 17.Bxf6 gxf6 18.Nc3 f5 19.Qh5 Raa8 20.O-O-O fxe4 21.Rg4+ Kf8
22.Qh6+ Ke7 23.Rxe4 {#r} 1-0

[Event "It (open)"]
[Site "masterchessopen.com Litomysl (Czech Republic)"]
[Date "2006.12.28"]
[Round "3"]
[White "Spirin Oleg (RUS)"]
[Black "Holusova Tana (CZE)"]
[Result "1-0"]
[WhiteElo "2345"]
[BlackElo "2097"]

1.d4 Nf6 2.c4 e6 3.Nc3 Bb4 4.e3 b6 5.Ne2 Bb7 6.a3 Be7 7.d5 O-O 8.Ng3 d6 9.e4
exd5 10.exd5 Re8 11.Be2 a5 12.O-O Nbd7 13.Be3 Bf8 14.Qc2 Ne5 15.Bd4 Bc8
16.Rae1 Bd7 17.f4 Neg4 18.Qd2 Nh6 19.f5 Nfg4 20.h3 Ne5 21.f6 g6 22.Be3 Nf5
23.Nxf5 Bxf5 24.g4 Bd7 25.Bh6 Kh8 26.Ne4 {#r} 1-0

[Event "Tournament"]
[Site "masterchessopen.com Moscow (Russia)"]
[Date "2007.01.13"]
[Round "4"]
[White "Moiseenko Vladimir (RUS)"]
[Black "Klimov Valentin (RUS)"]
[Result "1-0"]
[WhiteElo "2409"]
[BlackElo "2312"]

1.c4 Nf6 2.Nc3 e6 3.d4 Bb4 4.e3 b6 5.Ne2 Bb7 6.a3 Be7 7.d5 O-O 8.Ng3 d6 9.Be2
c6 10.e4 cxd5 11.exd5 exd5 12.cxd5 Re8 13.O-O Nbd7 14.Nf5 Bf8 15.Bf4 Ne5
16.Bb5 Nfd7 17.Bxe5 Rxe5 18.Qg4 Kh8 19.f4 Re8 20.Nd4 Bc8 21.Qg5 a6 22.Qxd8
Rxd8 23.Bc6 Ra7 24.Rae1 Nf6 25.f5 Be7 26.h3 g6 27.fxg6 hxg6 28.Rxe7 Rxe7
29.Rxf6 Kg7 30.Rf2 b5 31.Kf1 f6 32.Re2 Rxe2 33.Ncxe2 Bd7 34.Nf4 Kf7 35.Nde6
Bxe6 36.dxe6+ Ke7 37.Bd7 {#r} 1-0

[Event "It (open)"]
[Site "masterchessopen.com Belgrade (Yugoslavia)"]
[Date "2007.01.30"]
[Round "7"]
[White "Ivanovic Nikola (SRB)"]
[Black "Vrbljanac Aleksandar (SRB)"]
[Result "0-1"]
[WhiteElo "2217"]
[BlackElo "2252"]

1.d4 Nf6 2.c4 e6 3.Nc3 Bb4 4.e3 b6 5.Ne2 Ne4 6.Qc2 Bb7 7.a3 Bxc3+ 8.Nxc3 f5
9.Be2 Nxc3 10.Qxc3 O-O 11.O-O d6 12.b4 a5 13.Bb2 Qg5 14.f3 Nd7 15.Rae1 Rf6
16.c5 Rg6 17.Rf2 axb4 18.axb4 Bd5 19.cxd6 cxd6 20.Bf1 Nf6 21.Qc7 Nh5 22.Qxd6
Rh6 23.e4 f4 24.exd5 Ng3 25.Rxe6 Rxh2 {#R} 0-1

[Event "It (open)"]
[Site "masterchessopen.com Moscow (Russia)"]
[Date "2007.02.01"]
[Round "6"]
[White "Gagarin Vasilij (RUS)"]
[Black "Loginov Anton (RUS)"]
[Result "1-0"]
[WhiteElo "2378"]
[BlackElo "2231"]

1.d4 Nf6 2.c4 e6 3.Nc3 Bb4 4.e3 b6 5.Ne2 Bb7 6.a3 Be7 7.d5 O-O 8.g3 Re8 9.Bg2
exd5 10.cxd5 c5 11.O-O Bf8 12.h3 d6 13.g4 Na6 14.b3 Nc7 15.Bb2 g6 16.e4 Nd7
17.f4 Qh4 18.Qd2 f6 19.a4 a6 20.Rf2 Rad8 21.Raf1 Be7 22.Nd1 a5 23.Ne3 Ba6
24.Nc4 Rf8 25.Kh2 Rde8 26.Qc3 Bxc4 27.bxc4 Qh6 28.g5 Qg7 29.h4 Bd8 30.Ng3 h5
31.Bh3 Qh7 32.Rg2 fxg5 33.Bxd7 gxf4 34.Bxe8 Bf6 35.Qd3 fxg3+ 36.Qxg3 Nxe8
37.Qxg6+ {#r} 1-0

[Event "Ch Central Region"]
[Site "masterchessopen.com Tula (Russia)"]
[Date "2007.03.19"]
[Round "3"]
[White "Loginov Anton (RUS)"]
[Black "Karvatsky Alexey (RUS)"]
[Result "1-0"]
[WhiteElo "2231"]
[BlackElo "1980"]

1.d4 Nf6 2.c4 e6 3.Nc3 Bb4 4.e3 b6 5.Ne2 O-O 6.a3 Bxc3+ 7.Nxc3 d5 8.cxd5 exd5
9.Bd3 Re8 10.O-O Ba6 11.f3 c5 12.Ne2 c4 13.Bb1 Nc6 14.Rf2 Re7 15.g4 Qe8 16.Ng3
Rxe3 17.Bxe3 Qxe3 18.Nf5 Qf4 19.Qd2 Qxd2 20.Rxd2 Na5 21.Bc2 g6 22.Ne3 Re8
23.Kf2 c3 24.bxc3 Rc8 25.Bd3 Bb7 26.Rc2 a6 27.a4 Rb8 28.Rb2 Bc6 29.Bxa6 h5
30.h3 hxg4 31.hxg4 Ne8 32.Bb5 Bxb5 33.Rxb5 Nc7 34.Rb2 Nc4 35.Rb4 Na6 36.Rb3
Nd2 37.Rb2 Nc4 38.Nxc4 dxc4 39.Rab1 {#r} 1-0